000 00816nam a2200253Ia 4500
003 OSt
005 20220925211053.0
006 a|||||r|||| 00| 0
007 ta
008 220923b |||||||| |||| 00| 0 eng d
020 _a8131602931
_c760.75
037 _b178, 14/09/2009, VDT Research Press
_cGeneral Book
040 _aRTL
_cRTL
_beng
041 _2eng
_aeng
082 _aU11:(D6, 9(B), P8
100 _aHarvey Francis
_9273815
245 0 _aPrimer of GIS
_b Fundamental geographic and cartographic concepts.
260 _aJaipur
_bRawat Publications
_c2008
300 _ax, 310p
_ccm.
500 _aBibliography chapterwsie
650 _aGeography
942 _hU11:(D6, 9(B), P8
_cGB
_2CC
999 _c556649
_d556649